000 00324 a2200157 4500
001 160700
020 _a
040 _cMagnum
100 _aRey, Marcos
240 1 0 _aProclamacao da republica
_lpor
245 1 0 _aProclamacao da republica
362 0 _a1899
440 1 _aÁtica
697 _aPARADIDATICO
942 _cBK
999 _c160700
_d160700